000 00565cam a2200145 4500500
005 20251228093424.0
041 _afre
042 _adc
100 1 0 _aNivat, Georges
_eauthor
245 0 0 _aAndrew L.JENKS Russia in a Box Art and Identity in an Age of Revolution DeKalb: Northern Illinois University Press, 2005, 264p.
260 _c2005.
500 _a20
786 0 _nCahiers du monde russe | Vol 46 | 4 | 2005-11-01 | p. 859i-990i | 1252-6576
856 4 1 _uhttps://shs.cairn.info/revue-cahiers-du-monde-russe-2005-4-page-859i?lang=fr&redirect-ssocas=7080
999 _c1604335
_d1604335